Gaming Quiz

Random Gaming or Pokémon Quiz

Pokémon Generation I (Redux) Quiz Stats

 Plays Quiz Updated Feb 14, 2018

Challenge
Share
Tweet
Embed
Score 0/151 Timer 05:00
1 Play Today
% Correct
???
58.7%
???
58.3%
???
58.2%
???
58.1%
???
58%
???
57.8%
???
57.7%
???
57.6%
???
57.5%
???
57.5%
???
57.4%
???
57.4%
???
57.4%
???
57.3%
???
57.3%
???
57.2%
???
57.2%
???
57.1%
???
57.1%
???
57.1%
???
57%
???
57%
???
56.9%
???
56.9%
???
56.8%
???
56.8%
???
56.6%
???
56.4%
???
56.4%
???
56.3%
???
56.3%
???
56.2%
???
56.2%
???
56.1%
???
56%
???
56%
???
55.9%
???
55.9%
???
55.9%
???
55.8%
???
55.8%
???
55.8%
???
55.8%
???
55.8%
???
55.8%
???
55.8%
???
55.7%
???
55.7%
???
55.7%
???
55.7%
???
55.6%
% Correct
???
55.6%
???
55.6%
???
55.5%
???
55.5%
???
55.5%
???
55.5%
???
55.4%
???
55.4%
???
55.3%
???
55.3%
???
55.3%
???
55.3%
???
55.2%
???
55.2%
???
55.1%
???
55.1%
???
55.1%
???
55.1%
???
55%
???
55%
???
55%
???
55%
???
55%
???
55%
???
55%
???
54.9%
???
54.9%
???
54.9%
???
54.8%
???
54.8%
???
54.8%
???
54.7%
???
54.7%
???
54.7%
???
54.7%
???
54.6%
???
54.6%
???
54.5%
???
54.5%
???
54.4%
???
54.4%
???
54.4%
???
54.3%
???
54.3%
???
54.2%
???
54.2%
???
54.2%
???
54.1%
???
54.1%
???
54.1%
???
54.1%
% Correct
???
54%
???
54%
???
54%
???
53.7%
???
53.7%
???
53.6%
???
53.6%
???
53.4%
???
53.4%
???
53.4%
???
53.3%
???
53.3%
???
53.2%
???
53.2%
???
53.2%
???
53.1%
???
52.9%
???
52.9%
???
52.8%
???
52.7%
???
52.7%
???
52.5%
???
52.5%
???
52.5%
???
52.5%
???
52.5%
???
52.5%
???
52.5%
???
52.4%
???
52.3%
???
52.1%
???
52.1%
???
52%
???
52%
???
51.9%
???
51.8%
???
51.8%
???
51.8%
???
51.7%
???
51.6%
???
51.5%
???
51.3%
???
51.2%
???
51.1%
???
50.8%
???
50.6%
???
50.4%
???
49.7%
???
48.4%

You're not logged in!

Compare scores with friends on all Sporcle quizzes.
OR
Log In

You Might Also Like...

Show Comments

Extras

Top Quizzes Today


Score Distribution

Your Account Isn't Verified!

In order to create a playlist on Sporcle, you need to verify the email address you used during registration. Go to your Sporcle Settings to finish the process.

Report this User

Report this user for behavior that violates our Community Guidelines.

Details: